000 00343nam a2200133Ia 4500
005 20260326100027.0
008 260326s9999||||xx |||||||||||||| ||und||
100 _aSiegfried, Giedion
245 0 _aArquitectura y Comunidad /
_cGiedion Siegfried
260 _bEdiciones Nueva Visión
300 _a164 p.
650 _aARQUITECTURA
942 _cBK
999 _c6444
_d6444